000 00285nam a22001337a 4500
999 _c533824
_d533824
020 _a1861590423
040 _cMSOHAIL
082 _a823.94
100 _aKaty Hayes
_927825
245 _aGossip
260 _aLondon
_bOrion Publishing;
_cc2000
300 _a281;pxv
942 _2ddc
_cBK